000 00601nam a2200217Ia 4500
001 12971
003 GE_BSU
008 181216s||||||||xx |||||||||||||| ||und||
020 _a0747236909
040 _cGE_BSU
080 _a821.111-32
100 _aBowling,Harry.
245 _aGaslight in page street.
245 4 _bThe new cockney saga from the bestselling author of paragon place.
260 _aLondon.
260 _bHeadline.
260 _c1991
300 _a600p;18cm.
653 _aGaslight in page street.The new cockney saga from the bestselling author of paragon place.
942 _cBK
999 _c46139
_d46139